000 00824nam a2200265Ia 4500
003 OSt
005 20220930093519.0
006 a|||||r|||| 00| 0
007 ta
008 220926b |||||||| |||| 00| 0 eng d
024 _a41843
037 _cTheses
040 _aCRL
_cCRL
_beng
041 _2eng
_aeng
100 _aDeepak Kumar Au.
_9546497
110 _aUniversity of Delhi. Faculty of Arts. Department of Linguistics
245 0 _aRelativizability of arguments and the syntax of relative clauses
260 _c2017
300 _a140p.
_ap.
_ccm.
650 _aLINGUISTICS
700 _a Dr. Tanmoy Bhattacharya Gu.
_9541138
700 _aUniversity of Delhi. Faculty of Arts. Department of Linguistics
942 _cDIS
_2CC
999 _c885503
_d885503